| 000 | 00619nam a2200193Ia 4500 | ||
|---|---|---|---|
| 003 | GCL | ||
| 008 | 140319s9999 xx 000 0 ara d | ||
| 040 |
_aGCL / _cGCL |
||
| 082 | 0 | 4 |
_a001.6425 _bم م |
| 100 | 1 | _aمحمد رشاد الدين مصطفى حسين | |
| 245 | 1 | 0 |
_aالميكروكمبيوتر والرياضيات / _cمحمد رشاد الدين مصطفى حسين |
| 260 |
_a[S.N] : _bدار الراتب الجامعية |
||
| 300 | _a240 ص | ||
| 490 | _a | ||
| 650 | 0 | 4 | _aالحاسبات الالكترونية |
| 650 | 0 | 4 | _aالمحاسبة |
| 650 | 0 | 4 | _aالرياضيات |
| 942 |
_2ddc _cBK |
||
| 999 |
_c50011 _d50011 |
||